A Minha Primeira Sophia (Registo nº 198520)

Detalhes MARC
000 -Etiqueta do registo
Valores 00656nam 22002173 4500
010 ## - Número ISBN
ISBN 978-972-20-3854-6
021 ## - Número do Depósito Legal
Número 296525/09
100 ## - Dados gerais de processamento
Dados gerais 20251021d u||y0pory50 ba
200 ## - Titulo e menção de responsabilidade
Título próprio A Minha Primeira Sophia
Primeira menção de responsabilidade Fernando Pinto do Amaral
Outras menções de responsabilidade ilustrações de Fernanda Fragateiro
205 ## - Menção da edição
Edição
210 ## - Publicação
Local de publicação Alfragide
Nome do editor Dom Quixote
Data de publicação 2009*
215 ## - Descrição física 
Paginação / Volumes 44, [2] p.
Outras indicações físicas encadernado
Dimensões 24 cm
225 ## - Colecção 
Título próprio da colecção O Meu Primeiro...
606 ## - Nome comum usado como assunto
ID Autoridade 51
Palavra de ordem Literatura Juvenil Portuguesa
675 ## - CDU
Notação 821.134.3-93
Edição PT
Língua por
700 ## - Autor principal (pessoa individual)
ID Autoridade 3366
Apelido Amaral
Nome Fernando Pinto do
Datas 1960-
801 ## - Fonte de origem
País PT
Agência BMMN
Regras de catalogação RPC
830 ## - Notas gerais do catalogador
Criado por Ana Caetano
990 ## - Elementos KOHA
Tipo de documento Livro
Exemplares
Situação do levantamento Biblioteca de origem Código de barras Cota Permissão de empréstimo Tipo de documento Forma de aquisição
  Biblioteca Escola São João de Deus 26881 821.134.3-93 AND   Livro Oferta

Powered by Koha